Bio True Story : (Record no. 166141)

MARC details
000 -LEADER
fixed length control field 00506ngm a2200181 i 4500
001 - CONTROL NUMBER
control field C2-0303219
003 - CONTROL NUMBER IDENTIFIER
control field PPAK
005 - DATE AND TIME OF LATEST TRANSACTION
control field 20180824001829.0
008 - FIXED-LENGTH DATA ELEMENTS--GENERAL INFORMATION
fixed length control field 100318s1994 xxu |||| ||||| | |eng d
020 ## - INTERNATIONAL STANDARD BOOK NUMBER
International Standard Book Number 0767066731
040 ## - CATALOGING SOURCE
Original cataloging agency PPAK
Language of cataloging eng
Transcribing agency PPAK
Description conventions rda
245 00 - TITLE STATEMENT
Title Bio True Story :
Remainder of title The Mystery Of Edgar Allan Poe
264 #1 - PRODUCTION, PUBLICATION, DISTRIBUTION, MANUFACTURE, AND COPYRIGHT NOTICE
Place of production, publication, distribution, manufacture United States :
Name of producer, publisher, distributor, manufacturer A&E Television Networks ,
Date of production, publication, distribution, manufacture, or copyright notice 1994
336 ## - CONTENT TYPE
Source rdacontent
Content type term text
337 ## - MEDIA TYPE
Source rdamedia
Media type term unmediated
338 ## - CARRIER TYPE
Source rdacarrier
Carrier type term volume
942 ## - ADDED ENTRY ELEMENTS (KOHA)
Source of classification or shelving scheme Dewey Decimal Classification
Koha item type Digital Video Disc
Holdings
Withdrawn status Lost status Source of classification or shelving scheme Damaged status Not for loan Home library Current library Shelving location Date acquired Source of acquisition Cost, normal purchase price Full call number Barcode Date last seen Price effective from Koha item type Total Checkouts
    Dewey Decimal Classification   Not For Loan Perpustakaan Alor Setar Perpustakaan Alor Setar Rujukan American Corner 18/03/2010 LRC 0.00 RLCK 818.309 MYS A00862424 05/07/2018 05/07/2018 Digital Video Disc  
    Dewey Decimal Classification   Not For Loan Perpustakaan Alor Setar Perpustakaan Alor Setar Rujukan American Corner 12/12/2010   0.00 RLCK 818.309 MYS A00816417 05/07/2018 05/07/2018 Digital Video Disc